000 00511nam a2200193Ia 4500
005 20250508152447.0
008 008 250505s9999 xx 000 0 eng d
037 _aTextual
040 _aFEDL
_beng
_cFEDL
041 _aeng
_2eng
084 _a330, HAN
_qFEDL
100 _aHansan J. L.
_9761531
245 0 _aEconomics for students
260 _aLondon, UK
_bMacDonald and Evans Ltd.
300 _axiv,208p
650 _aEconomics
942 _cTEXL
_h330, HAN
999 _c1336568
_d1336568